Zátoka smutku /

Další z detektivních případů, v nichž se inspektor Reyna snaží vyřešit vraždu na nehostinných Faerských ostrovech.

Hlavní autor: Ould, Chris
Další autoři: Lexová, Alžběta, 1988-
Jazyk: Čeština
Vydáno: Praha : Mystery Press, 2021
Vydání: 1. vydání
Témata:
Fyzický popis: 415 stran : 1 mapa ; 21 cm
Knihy
Uloženo v:
LEADER 02558nam a2200457 i 4500
001 nkc20213353906
003 CZ PrNK
005 20211216110559.0
007 ta
008 210922s2021 xr b g 000 f cze
015 |a cnb003353906 
020 |a 978-80-7588-295-0  |q (vázáno) 
035 |a (OCoLC)1291385756 
040 |a ABG001  |b cze  |d ABA001  |e rda 
041 1 |a cze  |h eng 
072 7 |a 821.111-3  |x Anglická próza, anglicky psaná  |2 Konspekt  |9 25 
080 |a 821.111-31  |2 MRF 
080 |a (0:82-312.4)  |2 MRF 
100 1 |a Ould, Chris  |7 xx0252809  |4 aut 
240 1 0 |a Killing bay.  |l Česky 
245 1 0 |a Zátoka smutku /  |c Chris Ould ; přeložila Alžběta Lexová 
250 |a 1. vydání 
264 1 |a Praha :  |b Mystery Press,  |c 2021 
300 |a 415 stran :  |b 1 mapa ;  |c 21 cm 
336 |a text  |b txt  |2 rdacontent 
337 |a bez média  |b n  |2 rdamedia 
338 |a svazek  |b nc  |2 rdacarrier 
500 |a Přeloženo z angličtiny 
520 2 |a Další z detektivních případů, v nichž se inspektor Reyna snaží vyřešit vraždu na nehostinných Faerských ostrovech.  |b Na Faerské ostrovy přijíždí skupina aktivistů brojících proti lovu velryb a napětí mezi zdejšími obyvateli a protestujícími by se dalo krájet. Jen pár hodin po jedné zvlášť ostré potyčce je navíc objeveno ženské tělo a okolnosti vraždy nasvědčují tomu, že se někdo snaží propast mezi oběma tábory ještě více prohloubit. Policista Hjalti Hentze se pouští do vyšetřování, ale situace se vzápětí výrazně zkomplikuje, protože podezření padne na jeho zetě. Vypadá to, že se za vraždou ukrývají další, zlověstnější motivy, a navíc schází klíčový důkaz. Britský inspektor Jan Reyna se mezitím snaží zjistit víc o minulosti své matky, jenže podobně jako Hentze naráží na jednu překážku za druhou. Ani jeden z nich neví, komu může věřit ani jak daleko jsou někteří lidé schopni ve jménu svého přesvědčení zajít... Nakladatelská anotace. 
655 7 |a anglické romány  |7 fd131814  |2 czenas 
655 7 |a detektivní romány  |7 fd132010  |2 czenas 
655 9 |a English fiction  |2 eczenas 
655 9 |a detective novels  |2 eczenas 
700 1 |a Lexová, Alžběta,  |d 1988-  |7 ola2015879250  |4 trl 
787 0 8 |i Z cyklu:  |t Trilogie z Faerských ostrovů  |g 2 
910 2 |a BOA001  |b 2-1477.828 
920 |a 4613551  |z ABG001 
990 |a BK 
995 |a 01 
991 |b 202112  |c NOV 
996 6 |b 2610886575  |c 2-1477.828  |l MZK  |r Sklad / do 1 hodiny  |n 1  |p p.v.  |w 001870053  |u 000010  |a 1  |e BOA001  |j MZK50  |s P